Hangverseny

Bibliographic Details
Main Author: Aich, Péter, 1942- (Author)
Format: Article
Language:Hungarian
PhysicalDescription:Obr.
ISSN:1336-5088
Subjects:

MARC

LEADER 00000nab a2200000 ar4500
001 vtls008887567
003 SK-MaSNL
005 20260303061732.0
008 061202c2006 xo |||||||| |000 b|hun
015 |a SNBRB2006/12  |2 snkbucl 
038 |a SNKBUCL 
040 |a DSZK  |b slo  |c DSZK  |e AACR2 
041 0 |a hun 
044 |a xo  |c SK 
080 |a 821.511.141 (437.6)-32=511.141  |2 1997 
100 1 |a Aich, Péter,  |d 1942-   |4 aut  |9 91185 
245 1 0 |a Hangverseny  |c Aich Péter 
300 |b Obr. 
650 0 7 |a psychologické poviedky, maďarské  |2 snkbucl  |9 71096 
773 0 |t Irodalmi szemle  |g Évf. XLIX, sz. 11 (2006), o. 9-24  |x 1336-5088 
852 |a SNK  |b KIS3GCP 
852 |a DSZK  |b KIS3GCP 
958 |a HU 
958 |a SK 
958 |a LX 
999 |c 1736583  |d 1738513